| 000 | 00899cam a2200253 a 4500 | ||
|---|---|---|---|
| 020 | _a9789251069752 | ||
| 020 | _a9251069751 | ||
| 040 | _cWAU | ||
| 082 | _a636 FOO 2012 A056 Or. | ||
| 245 | 1 | 0 | _aImproving biosecurity through prudent and responsible use of veterinary medicines in aquatic food production / |
| 260 |
_aRome : _bFood and Agriculture Organization of the United Nations, _c2012. |
||
| 300 |
_axiv, 207 p. : _bill. (some col.), maps (some col.). |
||
| 490 | 1 | _aFAO fisheries and aquaculture technical paper, | |
| 650 | 0 | _aAntibiotics in aquaculture | |
| 650 | 0 | _aAnti-infective agents | |
| 650 | 0 | _aFishes | |
| 650 | 0 | _aAquaculture industry | |
| 650 | 0 | _aEnvironmental responsibility | |
| 700 | 1 | _aBondad-Reantaso, Melba G. | |
| 700 | 1 | _aArthur, J. R. | |
| 700 | 1 | _aSubasinghe, R. P. | |
| 710 | 2 | _aFood and Agriculture Organization of the United Nations. | |
| 942 | _cEK | ||
| 999 |
_c15676 _d15676 |
||